00378nam a22001337a 450000500170000000800410001704100230005808200130008110000220009424500400011626000370015630000250019365000260021820240828065053.0240828b |||||||| |||| 00| 0 eng d aEnglish/Afrikaans  a349 LAW  lEnglish/Afrikaans aThe Laws of South West Africa 1988  aWindhoek: bBy Authority, c1988 b133 pages; c25 cm.  aLegal practice bLaw